[Event "BEL-chT 1516"]
[Site "Belgium"]
[Date "2016.04.24"]
[Round "11.6"]
[White "Hovenga, Alje"]
[Black "Foerster, Sven"]
[Result "0-1"]
[WhiteElo "2231"]
[BlackElo "2179"]
[PlyCount "82"]
[EventDate "2015.09.27"]
[EventType "team-tourn"]
[EventRounds "11"]
[EventCountry "BEL"]
[SourceTitle "EXT 2017"]
[Source "ChessBase"]
[SourceDate "2016.10.25"]
[SourceVersion "1"]
[SourceVersionDate "2016.10.25"]
[SourceQuality "1"]
[WhiteTeam "Jean Jaures"]
[BlackTeam "KSK Rochade"]
[WhiteTeamCountry "BEL"]
[BlackTeamCountry "BEL"]

1. d4 d5 2. c4 e6 3. Nc3 c6 4. Nf3 dxc4 5. a4 Bb4 6. Bg5 Nf6 7. e4 h6 8. Bxf6 Qxf6 9. Bxc4 0-0 10. 0-0 Rd8 11. Qb3 a5 12. e5 Qe7 13. Na2 Na6 14. Bxa6 Rxa6 15. Nxb4 axb4 16. Rfc1 b6 17. Rxc6 Bb7 18. Rc4 Bxf3 19. gxf3 Qg5+ 20. Kf1 Qh4 21. Qxb4 Qxh2 22. Ke2 Qf4 23. Qd2 Qf5 24. Qd3 Qh5 25. Rcc1 Ra5 26. Rh1 Rxe5+ 27. Kd2 Qg5+ 28. Kc3 Red5 29. Qe3 Qf6 30. Rad1 e5 31. Kc2 Rxd4 32. Rxd4 Rxd4 33. Qc3 Qf5+ 34. Kc1 Rxa4 35. b3 Ra2 36. Rf1 g6 37. Re1 Qf4+ 38. Kb1 Qd2 39. Qxd2 Rxd2 40. Rxe5 h5 41. Kc1 Rxf2 0-1

[Event "BEL-ch op"]
[Site "Antwerp"]
[Date "2013.07.13"]
[Round "8"]
[White "Verhelst, Joris"]
[Black "Foerster, Sven"]
[Result "0-1"]
[WhiteElo "2055"]
[BlackElo "2166"]
[PlyCount "36"]
[EventDate "2013.07.06"]
[EventType "swiss"]
[EventRounds "9"]
[EventCountry "BEL"]
[SourceTitle "CBM 155 Extra"]
[Source "ChessBase"]
[SourceDate "2013.08.26"]
[SourceVersion "1"]
[SourceVersionDate "2013.08.26"]
[SourceQuality "1"]

1. e4 c5 2. Nf3 d6 3. d4 cxd4 4. Nxd4 Nf6 5. Nc3 a6 6. f4 e6 7. Qf3 Qc7 8. g4 b5 9. g5 Nfd7 10. Be3 Bb7 11. f5 Ne5 12. Qf4 b4 13. Nce2 exf5 14. Qxf5 Nbd7 15. Ng3 g6 16. Qf4 h6 17. h4 Nc5 18. Bg2 Ncd3+ 0-1

[Event "BEL-ch op"]
[Site "Antwerp"]
[Date "2013.07.09"]
[Round "4"]
[White "Foerster, Sven"]
[Black "Barbier, Wim"]
[Result "1-0"]
[WhiteElo "2166"]
[BlackElo "2115"]
[PlyCount "55"]
[EventDate "2013.07.06"]
[EventType "swiss"]
[EventRounds "9"]
[EventCountry "BEL"]
[SourceTitle "CBM 155 Extra"]
[Source "ChessBase"]
[SourceDate "2013.08.26"]
[SourceVersion "1"]
[SourceVersionDate "2013.08.26"]
[SourceQuality "1"]

1. Nf3 d6 2. d4 Bg4 3. c4 e5 4. Qb3 Nc6 5. d5 Bxf3 6. Qxf3 Nd4 7. Qd3 g6 8. h4 h5 9. Nc3 Be7 10. e3 Nf5 11. g3 Ngh6 12. Bh3 Kf8 13. Bd2 c5 14. Ne2 Bf6 15. e4 Nd4 16. Nxd4 exd4 17. f4 Kg7 18. 0-0 Qe7 19. Rae1 Rae8 20. b4 b6 21. Re2 Ng4 22. Bxg4 hxg4 23. Rfe1 b5 24. bxc5 bxc4 25. Qxc4 Bxh4 26. Qxd4+ Bf6 27. e5 Qxe5 28. fxe5 1-0

[Event "EU-Cup 27th"]
[Site "Rogaska Slatina"]
[Date "2011.09.30"]
[Round "6"]
[White "Foerster, Sven"]
[Black "Prieur, Eetu"]
[Result "0-1"]
[WhiteElo "2208"]
[BlackElo "2163"]
[PlyCount "108"]
[EventDate "2011.09.25"]
[EventType "team-swiss"]
[EventRounds "7"]
[EventCountry "SLO"]
[SourceTitle "CBM 145"]
[Source "ChessBase"]
[SourceDate "2011.11.11"]
[SourceVersion "1"]
[SourceVersionDate "2011.11.11"]
[SourceQuality "1"]
[WhiteTeam "Eupen Rochade"]
[BlackTeam "Aatos"]
[WhiteTeamCountry "BEL"]
[BlackTeamCountry "FIN"]

1. Nf3 f5 2. c4 Nf6 3. g3 g6 4. Bg2 Bg7 5. 0-0 0-0 6. Nc3 d6 7. d4 Qe8 8. d5 a5 9. Be3 Na6 10. Qd2 Nc5 11. Bxc5 dxc5 12. e4 Nxe4 13. Nxe4 fxe4 14. Ng5 b5 15. Rae1 bxc4 16. Rxe4 Rb8 17. Qxa5 Rxb2 18. Qxc5 Bf6 19. Ne6 Bxe6 20. Rxe6 Qb5 21. Qxc7 c3 22. Rxf6 Rxf6 23. Qxc3 Qe2 24. Qd4 Rxa2 25. h4 Rd2 26. Qc5 Rc2 27. Qa7 Ra2 28. Qc5 Rc2 29. Qa7 Ra2 30. Qc5 Kg7 31. Bh3 Rc2 32. Qa7 Ra2 33. Qc5 Rc2 34. Qa7 Qe5 35. Be6 Qc7 36. Qa1 Qc5 37. Qe1 Kf8 38. Kg2 Kg7 39. Kg1 Kf8 40. Kg2 Rb2 41. Kg1 Qd4 42. Kg2 Rd2 43. Kg1 Rb2 44. Kg2 Qd3 45. Kg1 Qf3 46. Qe3 Qxe3 47. fxe3 Kg7 48. Rf4 Re2 49. Rxf6 Kxf6 50. Bg4 Rxe3 51. Kf2 Rd3 52. Be6 h6 53. Kg2 Ke5 54. Kf2 Rxd5 0-1

[Event "BEL-ch U20 Elite"]
[Site "Ostend"]
[Date "2008.04.02"]
[Round "4"]
[White "Soors, Stef"]
[Black "Foerster, Sven"]
[Result "1-0"]
[WhiteElo "2146"]
[BlackElo "2102"]
[PlyCount "45"]
[EventDate "2008.03.31"]
[EventType "tourn"]
[EventRounds "9"]
[EventCountry "BEL"]
[SourceTitle "EXT 2019"]
[Source "ChessBase"]
[SourceDate "2018.10.10"]
[SourceVersion "1"]
[SourceVersionDate "2018.10.10"]
[SourceQuality "1"]

1. d4 d5 2. c4 e6 3. Nf3 c6 4. e3 Nf6 5. Nbd2 Nbd7 6. Bd3 Be7 7. e4 dxe4 8. Nxe4 0-0 9. 0-0 c5 10. Nxc5 Nxc5 11. dxc5 Bxc5 12. Bg5 h6 13. Bh4 b6 14. Qe2 Bb7 15. Rad1 Qe7 16. Bb1 Rfd8 17. Ne5 Rxd1 18. Rxd1 Rd8 19. Ng4 Rxd1+ 20. Qxd1 g5 21. Nxh6+ Kg7 22. Bxg5 Bxf2+ 23. Kxf2 1-0

[Event "BEL-chT 0708"]
[Site "Belgium"]
[Date "2008.03.02"]
[Round "10"]
[White "Foerster, Sven"]
[Black "Glod, Philippe"]
[Result "1/2-1/2"]
[WhiteElo "2102"]
[BlackElo "2174"]
[PlyCount "130"]
[EventDate "2007.09.30"]
[EventType "team-tourn"]
[EventRounds "11"]
[EventCountry "BEL"]
[SourceTitle "EXT 2009"]
[Source "ChessBase"]
[SourceDate "2008.11.26"]
[SourceVersion "1"]
[SourceVersionDate "2008.11.26"]
[SourceQuality "1"]
[WhiteTeam "KSK47 Eynatten"]
[BlackTeam "Liege Crelel"]
[WhiteTeamCountry "BEL"]
[BlackTeamCountry "BEL"]

1. Nf3 b6 2. g3 Bb7 3. Bg2 e6 4. 0-0 c5 5. c4 Nf6 6. b3 g6 7. Bb2 Bg7 8. Nc3 0-0 9. e3 d5 10. d4 dxc4 11. bxc4 Ne4 12. Qd3 Nxc3 13. Qxc3 Nd7 14. Qb3 Rb8 15. Rfd1 cxd4 16. exd4 Qc7 17. Rac1 Rfd8 18. Ba3 Ba8 19. Qe3 Re8 20. h3 Rbc8 21. Qd2 e5 22. d5 Nc5 23. h4 h6 24. Bh3 Rcd8 25. h5 Qd6 26. hxg6 Qxg6 27. Nh4 Qg5 28. Bf5 Bf8 29. Qxg5+ hxg5 30. Nf3 f6 31. Bxc5 Bxc5 32. Nd2 Bb7 33. Ne4 Kg7 34. Nxc5 bxc5 35. Rb1 Ba6 36. d6 Rh8 37. Kg2 Kf7 38. Kf3 Rb8 39. Rb3 Bxc4 40. Ra3 a6 41. Rc3 Be6 42. Bd3 Rb6 43. Rxc5 Rxd6 44. Bg6+ Ke7 45. Rc7+ Rd7 46. Rdxd7+ Bxd7 47. Bf5 Rd8 48. Ra7 Ke8 49. Bg6+ Ke7 50. Rxa6 Be6 51. Ra7+ Rd7 52. Rxd7+ Kxd7 53. Bb1 f5 54. Ke3 Kd6 55. Kd2 Kc5 56. Kc3 f4 57. a4 Bd5 58. g4 e4 59. a5 e3 60. fxe3 fxe3 61. Bf5 Bf3 62. Kd3 e2 63. Kd2 Kb5 64. Bd3+ Kxa5 65. Bxe2 Bxg4 1/2-1/2